Variétés différentiables : formes, courants, formes harmoniques /

Guardado en:
Autor Principal: Rham, Georges de.
Formato: Libro
Idioma:French
Publicado: Paris : Hermann, 1973.
Edición:3. éd. rev. et augm.
Series:Actualités scientifiques et industrielles ; 1222b
Publications de l'Institut de Mathématique de l'Université de Nancago ; 3
Materias:
Etiquetas: Agregar Etiqueta
Sin Etiquetas, Sea el primero en etiquetar este registro!
LEADER 00995cam a2200277 a 4500
001 MAT.inmabb002820
008 770823s1973####fr#######b####001#0#fre##
005 20110913162749.0
245 1 0 |a Variétés différentiables :  |b formes, courants, formes harmoniques /  |c Georges de Rham. 
250 |a 3. éd. rev. et augm. 
260 |a Paris :  |b Hermann,  |c 1973. 
300 |a x, 198 p. ;  |c 24 cm. 
440 0 |a Actualités scientifiques et industrielles ;  |v 1222b 
440 0 |a Publications de l'Institut de Mathématique de l'Université de Nancago ;  |v 3 
504 |a Bibliografía: p. [189]-192. 
500 |a Incluye 4 p. de errata, correspondientes a la bibliografía. 
510 4 |a MR,  |c 49 #11552 
020 |a 270561222X 
100 1 |a Rham, Georges de. 
650 0 |a Differentiable manifolds. 
650 0 |a Differential forms. 
650 0 |a Riemannian manifolds. 
084 |a 58Axx (53C20)  |2 msc2000 
010 |a  77480290  
040 |a DLC  |c DLC  |d DLC 
859 |h 58  |i R468  |p A-5308  |b BIB. MATEMATICA